000 00307nam a2200121Ia 4500
008 190216s9999||||xx |||||||||||||| ||und||
100 _aPrabhanshu Kumar
245 0 _aGate 2009 Life Sciences Chemistry(Compulsory)
260 _bG K Publishers
_c2008
300 _a348
650 _aReferences
942 _cREF
999 _c36881
_d36881